000
00274nam a2200133Ia 4500
008
221030s9999 xx 000 0 und d
041
_a
English
082
_a
105.23
100
_a
Sharvan Khajura/302
245
0
_a
EPABX
260
_a
Jammu
_c
2001
650
_a
ECE
942
_c
TH
999
_c
18
_d
18